Nomeie as melhores companhias aéreas - as 10 melhores companhias aérea - Statistics

Estatísticas Gerais
  • Esse quiz foi jogado 43 vezes
  • A pontuação média é 3 de 10
Estatísticas das Respostas
Resposta % Correto
Emirates
89%
Air France
61%
Qatar Airways
44%
KLM
39%
Lufthansa
33%
Japan Airlines
22%
Singapore Airlines
14%
ANA All Nippon Airways
0%
Hainan Airlines
0%
Qantas Airways
0%
Nenhum quiz correspondente encontrado
Distribuição das Pontuações
Porcentagem de Pessoas com Cada Pontuação
Percentil de Números Respondidos
Sua Pontuação Histórica
Você não jogou esse quiz